A historical comentary on Thucydides

Saved in:
Bibliographic Details
Main Author: Gomme, A. W (Author)
Format: Book
Language:Spanish
Published: Londres Oxford at the Clarendon Press 1962
Subjects:
Tags: Add Tag
No Tags, Be the first to tag this record!

MARC

LEADER 00000nam a2200000 a 4500
001 UCO2169
003 CL-VaPUC
008 000602e19620000UK |||||||||||||||||spa|d
082 0 4 |a 938.0072  |b GOM  |2 21 
100 |a Gomme, A. W  |e author  |9 445081 
245 1 2 |a A historical comentary on Thucydides 
300 |a 5 v 
942 |c BK 
945 |d 20000602 00:00:00  |a rherrera 
260 |a Londres  |b Oxford at the Clarendon Press  |c 1962 
500 |a v.1: Introduction and Comentary on Book I 
500 |a v.2: The Ten Year's War Books II-III 
500 |a v.3: The Ten Year's War Books IV-V 
500 |a v.4: Book V-VII 
500 |a v.5: Book VIII  
600 0 7 |a TUCIDIDES  |2 CL-VaPUC  |9 445076 
650 0 |a Historia de Grecia   |9 267917 
650 7 |a GRECIA ANTIGUA  |2 CL-VaPUC  |9 427158 
650 0 |a Historiografía   |9 257871 
650 0 |a Historiadores  |9 314498 
583 |a last modification  |c 20000602 00:00:00  |k Rodrigo Vera 
999 |c 288708  |d 288706 
952 |0 0  |1 0  |4 0  |6 938_007200000000000_GOM_1962  |7 0  |8 A  |9 336606  |a BIBHIS  |b BIBHIS  |d 2019-11-20  |h v.2  |i 1283073  |l 3  |m 2  |o 938.0072 GOM 1962  |p 1283073  |r 2025-01-20  |s 2021-12-09  |w 2019-11-20  |y BK  |k HIS 
952 |0 0  |1 0  |4 0  |6 938_007200000000000_GOM_1962  |7 0  |8 A  |9 336607  |a BIBHIS  |b BIBHIS  |d 2019-11-20  |h v.3  |i 1283081  |l 3  |m 2  |o 938.0072 GOM 1962  |p 1283081  |r 2025-01-20  |s 2021-12-09  |w 2019-11-20  |y BK  |k HIS